GUESS THE RAPPERS BY AN ALBUM - Statistics

General Stats
  • This quiz has been taken 183 times
    103 since last reset
  • The average score is 72 of 145
Answer Stats
Album Name Year Rapper % Correct
ASTROWORLD 2018 Travis Scott
97%
good kid, m.A.A.d. city 2012 Kendrick Lamar
95%
The Marshall Mathers LP 2000 Eminem
93%
IGOR 2019 Tyler, The Creator
93%
All Eyez On Me 1996 2Pac
92%
4:44 2017 JAY-Z
91%
Scorpion 2018 Drake
89%
My Beautiful Dark Twisted Fantasy 2010 Kanye West
89%
Tha Carter III 2008 Lil Wayne
88%
Get Rich Or Die Tryin' 2003 50 Cent
87%
F___y Wap 2015 Fetty Wap
87%
Illmatic 1994 NaS
87%
Ready to Die 1994 The Notorious B.I.G.
87%
? 2018 XXXTENTACION
87%
2014: Forest Hills Drive 2014 J. Cole
86%
2001 1999 Dr. Dre
84%
Straight Outta Compton 1988 N.W.A.
84%
Doggystyle 1993 Snoop Dogg
83%
Welcome To O'Block 2020 King Von
82%
Whole Lotta Red 2020 Playboi Carti
82%
Eazy-Duz-It 1988 Eazy-E
80%
DS2 2015 Future
80%
My Turn 2020 Lil Baby
80%
TESTING 2018 A$AP Rocky
78%
Death Certificate 1991 Ice Cube
78%
Legends Never Die 2020 Juice WRLD
78%
MEGAN 2024 Megan Thee Stallion
78%
HEROES & VILLAINS 2022 Metro Boomin'
78%
Pink Friday 2010 Nicki Minaj
78%
i am > i was 2018 21 Savage
76%
Invasion Of Privacy 2018 Cardi B
75%
Luv Is Rage 2 2017 Lil Uzi Vert
75%
Lil Boat 2016 Lil Yachty
74%
Blonde 2016 Frank Ocean
72%
MONTERO 2021 Lil Nas X
72%
Stankonia 2000 OutKast
72%
Enter the W_-T__g (36 Chambers) 1993 Wu-Tang Clan
72%
So Much Fun 2019 Young Thug
72%
Man on the Moon: The End of Day 2009 Kid Cudi
70%
Culture 2017 Migos
70%
One of Wun 2024 Gunna
68%
Y2K! 2024 Ice Spice
68%
We Love You T___a 2019 Lil Tecca
68%
Mm..Food 2004 MF DOOM
68%
Please Excuse Me For Being Antisocial 2019 Roddy Ricch
67%
The Miseducation Of ____ Hill 1998 Ms. Lauryn Hill
66%
Shoot for the Stars, Aim for the Moon 2020 Pop Smoke
66%
Finally Rich 2012 Chief Keef
63%
Alligator Bites Never Heal 2024 Doechii
63%
TA13OO 2018 Denzel Curry
62%
The GOAT 2020 Polo G
62%
Baby on Baby 2019 DaBaby
61%
Swimming 2018 Mac Miller
61%
Top Shotta 2020 NLE Choppa
61%
After Hours 2020 The Weeknd
61%
KIDS SEE GHOSTS 2018 Kids See Ghosts
59%
SOS 2022 SZA
59%
2093 2024 Yëat
59%
Beerbongs & Bentleys 2018 Post Malone
58%
A Great Chaos 2023 Ken Carson
57%
Heaven Or Hell 2020 Don Toliver
55%
CAN'T RUSH GREATNESS 2025 Central Cee
54%
GLORIOUS 2024 GloRilla
54%
Coloring Book 2016 Chance The Rapper
53%
GOD DID 2022 DJ Khaled
53%
The Forever Story 2022 JID
53%
Harverd Dropout 2019 Lil Pump
53%
DAYTONA 2018 Pusha T
53%
The Melodic Blue 2021 Baby Keem
50%
Almost Healed 2023 Lil Durk
50%
The Infamous 1995 Mobb Deep
50%
LIFE'S A TRIP 2018 Trippie Redd
50%
Hoodie SZN 2018 a Boogie wit da Hoodie
47%
The Life of P_'_rre 5 2021 Pi'erre Bourne
47%
DUMMY BOY 2018 6ix9ine
45%
Paid in Full 1987 Eric B. & Rakim
45%
Mama Said Knock You Out 1990 LL COOL J
45%
Alone at Prom 2021 Tory Lanez
45%
1999 2012 Joey Bada$$
43%
Come Over When You're Sober, Pt. 2 2018 Lil Peep
43%
MUDBOY 2018 Sheck Wes
43%
The Heist 2012 Macklemore & Ryan Lewis
42%
SR3MM 2018 Rae Sremmurd
42%
Piñata 2014 Freddie Gibbs & Madlib
39%
Oxymoron 2014 ScHoolboy Q
39%
if looks could kill 2023 DESTROY LONELY
38%
N___yville 2002 Nelly
38%
It's Dark and Hell Is Hot 1998 DMX
37%
Pretty Girls Like Trap Music 2017 2 Chainz
36%
The Adventures of Bobby Ray 2010 B.o.B
36%
Painting Pictures 2017 Kodak Black
36%
Teflon Don 2010 Rick Ross
36%
No Way Out 1997 Diddy
34%
I LAY DOWN MY LIFE FOR YOU 2024 JPEGMAFIA
34%
MICHAEL 2023 Killer Mike
34%
STOKELEY 2018 Ski Mask the Slump God
34%
The Documentary 2005 The Game
34%
Rolling Papers 2011 Wiz Khalifa
34%
Riche$t Opp 2023 YoungBoy Never Broke Again
34%
Scarlet 2023 Doja Cat
33%
True 2 Myself 2019 Lil Tjay
32%
Hood Hottest Princess 2023 Sexyy Red
32%
Black on Both Sides 1999 Yasiin Bey
32%
Licensed To Ill 1986 Beastie Boys
30%
"Awaken, My Love!" 2016 Donald Glover
30%
Championships 2018 Meek Mill
30%
Detroit 2 2020 Big Sean
29%
Evil Genius 2018 Gucci Mane
29%
Come Home, the Kids Miss You 2022 Jack Harlow
29%
Certified Hitmaker 2019 Lil Mosey
29%
It Takes a Nation of Millions to Hold Us Back 1988 Public Enemy
29%
Pray for Paris 2020 Westside Gunn
29%
Atrocity Exhibition 2016 Danny Brown
28%
Confessions of a Dangerous Mind 2019 Logic
28%
Find The Beat 2020 Blueface
26%
The Money Store 2012 Death Grips
26%
Some Rap Songs 2018 Earl Sweatshirt
26%
Partymobile 2020 PARTYNEXTDOOR
26%
Sometimes I Might Be Introvert 2021 Little Simz
25%
Big Fish Theory 2017 Vince Staples
25%
Word Of Mouf 2001 Ludacris
24%
Victory Lap 2018 Nipsey Hussle
24%
The First Time 2023 The Kid LAROI
24%
Heartbreak on a Full Moon 2017 Chris Brown
22%
B.I.B.L.E. 2022 Fivio Foreign
22%
Ignorance is Bliss 2019 Skepta
22%
Jungle Rules 2017 French Montana
21%
Only Built 4 Cuban Linx... 1995 Raekwon
21%
Control System 2012 Ab-Soul
20%
The Auditorium, Vol. 1 2024 Common & Pete Rock
18%
Lahai 2023 Sampha
18%
Drill Music in Zion 2022 Lupe Fiasco
17%
Cheat Codes 2022 Black Thought
16%
The Sun's Tirade 2016 Isaiah Rashad
14%
Still Sleep? 2021 Sleepy Hallow
14%
Dum and Dummer 2019 Young Dolph & Key Glock
14%
The Lost Boy 2019 Cordae
13%
Redemption 2018 Jay Rock
13%
My Krazy Life 2014 YG
13%
Malibu 2016 Anderson .Paak
12%
Freudian 2017 Daniel Caesar
9%
Perception 2017 NF
9%
Nostalgia 2023 Rod Wave
9%
The Golden Child 2019 YK Osiris
8%
SIMI 2018 BlocBoy JB
7%
No matching quizzes found
Score Distribution
Percent of People with Each Score
Percentile by Number Answered
Your Score History
You have not taken this quiz since the last reset